| 000 | 02177cas a2200445 i 4500 | ||
|---|---|---|---|
| 001 | 19752889 | ||
| 003 | CSPC | ||
| 005 | 20260129095130.0 | ||
| 008 | 260129c2017 ph r p o0 0eng c | ||
| 010 | _a 2016254302 | ||
| 015 |
_a023063556 _2dnb |
||
| 016 | 7 |
_a20651235 _2de-600 |
|
| 022 | _a2508-0954 | ||
| 022 | _a2508-0849 | ||
| 040 |
_aCSPC _beng _erda _cCSPC |
||
| 050 | 0 | 0 |
_aHC451 _b.A2897 |
| 245 | 0 | 0 | _aPhilippine journal of development. |
| 264 | 1 |
_aQuezon City : _bPhilippine Institute for Development Studies, _c2017. |
|
| 300 |
_avolumes : _billustrations ; _c23 cm. |
||
| 336 |
_atext _btxt _2rdacontent |
||
| 337 |
_aunmediated _bn _2rdamedia |
||
| 338 |
_avolume _bnc _2rdacarrier |
||
| 362 | _aVolume 44, Number 2 | ||
| 504 | _aIncludes bibliographical references | ||
| 505 | _aRole of subjective perceptions and migration culture in the formation of migration intentions: evidence from a rural village in the Philippines -- Effect of supply chain integration on business performance and competitiveness of Philippine SMEs -- Possible effects of china's belt and road initiative on Philippine trade and investments -- Enhancing the Philippine legal, regulatory, and policy framework for distributed energy resources. | ||
| 650 | 0 |
_aEconomic development _vPeriodicals. |
|
| 650 | 7 |
_aEconomic development. _2fast _0(OCoLC)fst00901785 |
|
| 650 | 7 |
_aEconomic history. _2fast _0(OCoLC)fst00901974 |
|
| 650 | 7 |
_aEconomic policy. _2fast _0(OCoLC)fst00902025 |
|
| 651 | 0 |
_aPhilippines _xEconomic conditions _vPeriodicals. |
|
| 651 | 0 |
_aPhilippines _xEconomic policy _vPeriodicals. |
|
| 651 | 7 |
_aPhilippines. _2fast _0(OCoLC)fst01205261 |
|
| 655 | 7 |
_aPeriodicals. _2fast _0(OCoLC)fst01411641 |
|
| 700 | 1 |
_aReyes, Celia M., _eeditor. |
|
| 710 | 2 |
_aPhilippine Institute for Development Studies, _eissuing body. |
|
| 776 | 0 | 8 |
_iOnline version: _tPhilippine journal of development _w(OCoLC)173324557 |
| 780 | 0 | 0 |
_tJournal of Philippine development _x0115-9143 _w(DLC) 85645942 _w(OCoLC)9278458 |
| 942 |
_2ddc _cSERIALS _h330.991405/N21 _n0 _kSER _m2017 _iP538 |
||
| 999 |
_c31635 _d31635 |
||